000 01398nam0a2200349 4500
001 RU\NLR\b_ik\93344
005 20260407082615.0
010 _a5-85165-706-5
_9170
035 _a(NLR Aleph) 002167366
090 _a2607328
_c2607328
100 _a20021216d2002 |||y0rusy50 ca
101 0 _aeng
_drus
102 _aRU
105 _aa |||||||||
200 1 _aThe Third Russian-Japanese seminar on technetium
_eExtended synopses, Dubna, Russia, June 23 - July 1, 2002
210 _aDubna
_cJoint inst. for nuclear research
_d2002
215 _a161 с.
_cил
_d29
300 _aВ вып. дан.: Третий российско-японский семинар по технецию
300 _aРез. на рус. яз.
313 _aи рений
320 _aБиблиогр. в конце докл.
320 _aУказ.: с. 160-161
517 0 _aТретий российско-японский семинар по технецию
606 0 _aТехнеций
_jТезисы докладов
_91210583
_3RU\NLR\AUTH\66491448
606 0 _aРений
_jТезисы докладов
_91312684
_3RU\NLR\AUTH\66228189
686 4 _aГ127.22я431
686 4 _aГ127.23я431
710 1 2 _8eng
_aRussian-Japanese seminar on technetium
_d3
_f2002
_eDubna
_7ba
_3RU\NLR\AUTH\8810043355
_9586231
801 0 _aRU
_bNLR
_c20021216
_gPSBO
942 _cBOOK
980 _aNB